000 00486nam a2200181Ia 4500
001 7919
005 20260306160531.0
008 260306t2018||||xx |||||||||||||| ||spa||
041 _aESP
082 _a363.7392
_bV935
100 _aVelázquez de Castro González, Federico,
_eAUT
245 0 _aContaminación atmosférica :
_bconceptos, causas, efectos, control
260 _c2018
300 _a170 páginas :
_c21 cm.
650 _aGEN
654 _aCIA
942 _cLIB
_dJUS
_fJUS
_2ddc
_n
999 _c7919
_d7919